000 005950000a22001810004500
003 MACL
005 20160409115955.0
008 160409b xxu||||| |||| 00| 0 eng d
040 _aMACL
_cMACL
041 _aHindi
082 _a520
100 _aकाली शंकर राकेश शुक्‍ला
_951237
245 _aअंतरिक्ष में बढते कदम
260 _bसत्‍साहित्‍य प्रकाशन
_c2011
_aदिल्‍ली
350 _a200
650 _aवैज्ञानिक
_951238
942 _cHIN
_k520/SHA
_2ddc
999 _c45038
_d45038